Discrete mathematics : for MCA Ist semester VTU (Record no. 196289)

MARC details
000 -LEADER
fixed length control field 00369nam a2200133Ia 4500
008 - FIXED-LENGTH DATA ELEMENTS--GENERAL INFORMATION
fixed length control field 231217s9999 xx 000 0 und d
041 ## - LANGUAGE CODE
Language code of text/sound track or separate title English
082 ## - DEWEY DECIMAL CLASSIFICATION NUMBER
Classification number 510.0240901 RAD;1 R
100 ## - MAIN ENTRY--PERSONAL NAME
Personal name Radhakrishna, N.
245 #0 - TITLE STATEMENT
Title Discrete mathematics : for MCA Ist semester VTU
260 ## - PUBLICATION, DISTRIBUTION, ETC.
Date of publication, distribution, etc. 2008
Name of publisher, distributor, etc. Professional Publishers
Place of publication, distribution, etc. Hyderabad
300 ## - PHYSICAL DESCRIPTION
Extent x, 7.48
942 ## - ADDED ENTRY ELEMENTS (KOHA)
Koha item type Books
Holdings
Date last seen Total checkouts Full call number Accession number Price effective from Category Public note Lost status Damaged status Department Withdrawn status Home library Current library Shelving location Entry date Grants Currency symbol Conversion rate Discount Old discount
26/01/2024   510.0240901 RAD;1 R 88284 26/01/2024 Books Donated by MCA Dept.     MCA   Central Library Central Library MCA 20/02/2014 DONATED RS 1    

© For any Suggestions or Query, please contact the library staff @ librarian@pes.edu or Phone: +9180 2672 1983/ 2108.